000 00601nam a22002417a 4500
003 UA-OsUOA
001 22513
007 ta
008 20031222b un ||||| |||| 00| 0 ukr d
100 _aПаламар Арсен
090 _a177
_bП14
942 _cBK
040 _aUA-OsUOA
_bukr
_cUA-OsUOA
_dUA-OsUOA
245 _aЕтика - молодим
_bПравила доброго тону
300 _a264 с.
_bІлюстрації
955 _a0
041 _aukr
080 _a177
260 _aМосква
_bЦК ЛКСМ
_c1985
044 _aUA
650 7 _2UDC
999 _c308733
_d308733